Catalog

Record Details

Catalog Search



I love you because you're you / by Liza Baker ; ... Read More

Baker, Liza.(Author).
McPhail, David, 1940-(Added Author).

Available copies

  • 2 of 2 copies available at LARL/NWRL Consortium.
  • 2 of 2 copies available at Northwest Regional Library. (Show preferred library)

Current holds

0 current holds with 2 total copies.

Show All Copies
Location Call Number / Copy Notes Barcode Shelving Location Status Due Date
Godel Memorial-Warren Library e BAK (Text) 35500006806309 Main Available -
Karlstad LINK Site e BAK (Text) 35500003137617 Main Available -

Record details

  • ISBN: 0439206383
  • ISBN: 0439206561 (pbk.)
  • ISBN: 0545117771
  • ISBN: 9780545117777
  • Physical Description: 1 v. (unpaged) : col. ill. ; 24 cm.
  • Publisher: New York : Scholastic, c2001.

Content descriptions

General Note:
"Cartwheel Books."
Summary, etc.:
Describes, in rhyming text and illustrations, a ... Read More
Subject: Mother and child > Juvenile fiction.
Foxes > Juvenile fiction.
Stories in rhyme > Juvenile fiction.
Genre: Love stories.
LDR 01196cam a2200325 a 4500
00138964
003LARL_NWRL_CONSORTIUM
00520240826170643.0
008000914s2001 nyua a 000 1 eng
020 . ‡a0439206383
020 . ‡a0439206561 (pbk.)
020 . ‡a0545117771
020 . ‡a9780545117777
035 . ‡a(OCoLC)45122132
03500. ‡ilcmarc/AZD-3057/KRLTECH
040 . ‡aDLC ‡cDLC ‡dDLC
08200. ‡a[E] ‡221
099 . ‡aB
1001 . ‡aBaker, Liza. ‡0(LARL_NWRL_CONSORTIUM)136284
24510. ‡aI love you because you're you / ‡cby Liza Baker ; illustrated by David McPhail.
2463 . ‡aI love you because you are you
260 . ‡aNew York : ‡bScholastic, ‡cc2001.
300 . ‡a1 v. (unpaged) : ‡bcol. ill. ; ‡c24 cm.
500 . ‡a"Cartwheel Books."
520 . ‡aDescribes, in rhyming text and illustrations, a mother's love for her child no matter how he feels or what he does.
650 0. ‡aMother and child ‡vJuvenile fiction. ‡0(LARL_NWRL_CONSORTIUM)173474
655 0. ‡aLove stories.
650 0. ‡aFoxes ‡vJuvenile fiction. ‡0(LARL_NWRL_CONSORTIUM)169361
650 0. ‡aStories in rhyme ‡vJuvenile fiction.
7001 . ‡aMcPhail, David, ‡d1940- ‡0(LARL_NWRL_CONSORTIUM)57978
901 . ‡a38964 ‡bOCLC ‡c38964 ‡tbiblio

Additional Resources